<?xml version="1.0" encoding="UTF-8"?>
<record
    xmlns:xsi="http://www.w3.org/2001/XMLSchema-instance"
    xsi:schemaLocation="http://www.loc.gov/MARC21/slim http://www.loc.gov/standards/marcxml/schema/MARC21slim.xsd"
    xmlns="http://www.loc.gov/MARC21/slim">

  <leader>03481cam a2200373   4500500</leader>
  <controlfield tag="005">20260322004710.0</controlfield>
  <datafield tag="041" ind1=" " ind2=" ">
    <subfield code="a">fre</subfield>
  </datafield>
  <datafield tag="042" ind1=" " ind2=" ">
    <subfield code="a">dc</subfield>
  </datafield>
  <datafield tag="100" ind1="1" ind2="0">
    <subfield code="a">Mboumba, Anicet</subfield>
    <subfield code="e">author</subfield>
  </datafield>
  <datafield tag="245" ind1="0" ind2="0">
    <subfield code="a">La difficile mutation du mod&#xE8;le de gouvernement des villes au Gabon&#xA0;: analyse &#xE0; partir de la gestion des d&#xE9;chets &#xE0; Libreville</subfield>
  </datafield>
  <datafield tag="260" ind1=" " ind2=" ">
    <subfield code="c">2011.
							</subfield>
  </datafield>
  <datafield tag="500" ind1=" " ind2=" ">
    <subfield code="a">92</subfield>
  </datafield>
  <datafield tag="520" ind1=" " ind2=" ">
    <subfield code="a">La primaut&#xE9; des administrations centrales dans la gestion des villes africaines est bien connue. La gouvernance, con&#xE7;ue comme mode de gestion pluraliste, a &#xE9;t&#xE9; introduite dans les pays du sud par les bailleurs de fonds, afin d&#x2019;infl&#xE9;chir le centralisme. Au Gabon, comme dans tous les pays africains, la gouvernance accompagne d&#xE9;sormais toutes les r&#xE9;formes qui touchent aux modes de gouvernement des villes, notamment dans le domaine des services de base. Le succ&#xE8;s m&#xE9;diatique et politique de cette notion traduit-il pour autant le recul de l&#x2019;interventionnisme &#xE9;tatique&#xA0;? L&#x2019;&#xE9;tude du jeu d&#x2019;acteurs dans la gestion des d&#xE9;chets &#xE0; Libreville illustre une &#xE9;volution majeure&#xA0;: l&#x2019;association croissante de partenaires priv&#xE9;s dans les politiques publiques. Mais elle montre aussi la mani&#xE8;re dont les autorit&#xE9;s &#xE9;tatiques freinent le d&#xE9;sir d&#x2019;&#xE9;mancipation des autorit&#xE9;s municipales et le besoin d&#x2019;affirmation de la soci&#xE9;t&#xE9; civile dans les processus d&#xE9;cisionnels. Le texte r&#xE9;v&#xE8;le ainsi qu&#x2019;&#xE0; l&#x2019;oppos&#xE9; des discours sur la d&#xE9;centralisation et la bonne gouvernance, le pouvoir central reste dominant dans la gestion des affaires urbaines.</subfield>
  </datafield>
  <datafield tag="520" ind1=" " ind2=" ">
    <subfield code="a">The difficult change of cities government in Gabon&#xA0;: analysis from waste management in Libreville The supremacy of central administrations in African cities management is a well known fact. The governance, as a pluralist management model, was introduced in Southern countries by the financers in order to minimize the excessive centralization of the urban management. As in all African countries, in Gabon this notion henceforth accompanies all city government reforms, particularly in infrastructures and utilities sector (water supply, garbage collection, public transportation...). Does the governance success both in media and in political discourses express a true change in city management model in Gabon&#xA0;? Are local governments more powerful&#xA0;? The analysis of the interactions between actors involved in waste management reveals a major evolution&#xA0;: an increasing commitment of the private sector in the public policies. But this study also shows that central administrations slow down local authorities&#x2019; emancipation in the decision-making process. This reveals that contrary to the official discourse on decentralization and strengthening of local governments, central authorities dominate cities management.</subfield>
  </datafield>
  <datafield tag="690" ind1=" " ind2=" ">
    <subfield code="a">associations</subfield>
  </datafield>
  <datafield tag="690" ind1=" " ind2=" ">
    <subfield code="a">bailleurs de fonds</subfield>
  </datafield>
  <datafield tag="690" ind1=" " ind2=" ">
    <subfield code="a">d&#xE9;centralisation</subfield>
  </datafield>
  <datafield tag="690" ind1=" " ind2=" ">
    <subfield code="a">d&#xE9;chets</subfield>
  </datafield>
  <datafield tag="690" ind1=" " ind2=" ">
    <subfield code="a">&#xC9;tat</subfield>
  </datafield>
  <datafield tag="690" ind1=" " ind2=" ">
    <subfield code="a">gestion urbaine</subfield>
  </datafield>
  <datafield tag="690" ind1=" " ind2=" ">
    <subfield code="a">gouvernance</subfield>
  </datafield>
  <datafield tag="690" ind1=" " ind2=" ">
    <subfield code="a">Libreville</subfield>
  </datafield>
  <datafield tag="690" ind1=" " ind2=" ">
    <subfield code="a">municipalit&#xE9;</subfield>
  </datafield>
  <datafield tag="690" ind1=" " ind2=" ">
    <subfield code="a">secteur
priv&#xE9;</subfield>
  </datafield>
  <datafield tag="690" ind1=" " ind2=" ">
    <subfield code="a">central authorities</subfield>
  </datafield>
  <datafield tag="690" ind1=" " ind2=" ">
    <subfield code="a">city management</subfield>
  </datafield>
  <datafield tag="690" ind1=" " ind2=" ">
    <subfield code="a">decentralization</subfield>
  </datafield>
  <datafield tag="690" ind1=" " ind2=" ">
    <subfield code="a">governance</subfield>
  </datafield>
  <datafield tag="690" ind1=" " ind2=" ">
    <subfield code="a">Libreville</subfield>
  </datafield>
  <datafield tag="690" ind1=" " ind2=" ">
    <subfield code="a">private</subfield>
  </datafield>
  <datafield tag="690" ind1=" " ind2=" ">
    <subfield code="a">waste</subfield>
  </datafield>
  <datafield tag="786" ind1="0" ind2=" ">
    <subfield code="n">Annales de g&#xE9;ographie | 678 | 2 | 2011-04-01 | p. 157-173 | 0003-4010</subfield>
  </datafield>
  <datafield tag="856" ind1="4" ind2="1">
    <subfield code="u">https://shs.cairn.info/revue-annales-de-geographie-2011-2-page-157?lang=fr&amp;redirect-ssocas=7080</subfield>
  </datafield>
  <datafield tag="999" ind1=" " ind2=" ">
    <subfield code="c">1742285</subfield>
    <subfield code="d">1742285</subfield>
  </datafield>
</record>
